| 000 | 00741nam a2200241 a 4500 | ||
|---|---|---|---|
| 001 | BRCA_4736 | ||
| 005 | 20190320204801.0 | ||
| 008 | 071010s1946----mx-a######---#000-0#spa-# | ||
| 041 | _aspa | ||
| 044 | _amx | ||
| 050 | 4 |
_aND250 _b.C37 1946 |
|
| 100 | 1 |
_aCarrillo y Gariel, Abelardo _91363 |
|
| 245 | 1 | 0 |
_aTécnica de la pintura de Nueva España _cAbelardo Carrillo y Gariel. |
| 260 |
_aMéxico _bUNAM _c1946 |
||
| 300 |
_a204 p. _bil., 92 láminas _c23 cm. |
||
| 500 | _aIncluye índice de ilustraciones e índice analítico | ||
| 500 | _aIncluye una dedicatoria del autor al Sr. Franz Mayer | ||
| 500 | _aD77 | ||
| 650 | 1 | 4 |
_aPintura _xHistoria _zMéxico _911996 |
| 650 | 1 | 4 |
_aPintura _xTécnica _91564 |
| 902 | _aGFM | ||
| 942 |
_2lcc _cB |
||
| 999 |
_c4434 _d4434 |
||